LEADER 01031nam0-2200325---450- 001 990009463480403321 005 20111025111150.0 035 $a000946348 035 $aFED01000946348 035 $a(Aleph)000946348FED01 035 $a000946348 100 $a20111025g19661967km-y0itay50------ba 101 0 $aeng 102 $aGB 105 $ay-------001yy 200 1 $aBiomathematics$ethe principles of mathematics for students of biological and general science$fCedric A. B. Smith 205 $a4. ed. 210 $aLondon$cC. Griffin and company$d1966-1969 215 $a2 v. (523; 682 p.)$d23 cm 327 1 $a1: Algebra, geometry, calculus$a2: Numerical methods, matrices, probability, statistics / Cedric A. B. Smith 610 0 $aBiomatematica 700 1$aSmith,$bCedric A.B.$059173 801 0$aIT$bUNINA$gRICA$2UNIMARC 901 $aBK 912 $a990009463480403321 952 $a48 E 11$b8082$fDMVAP 952 $a48 E 12$b8084$fDMVAP 959 $aDMVAP 996 $aBiomathematics$9853466 997 $aUNINA LEADER 01827nam0 2200397 i 450 001 VAN0124316 005 20230703093654.931 017 70$2N$a9783319706191 100 $a20191015d2017 |0itac50 ba 101 $aeng 102 $aCH 105 $a|||| ||||| 200 1 $aAdvances in Dynamic and Mean Field Games$eTheory, Applications, and Numerical Methods$fJoseph Apaloo, Bruno Viscolani editors 210 $aCham$cBirkhäuser$d2017 215 $axix, 363 p.$cill.$d24 cm 410 1$1001VAN0114283$12001 $aAnnals of the international society of dynamic games$1210 $aBasel [etc.]$cBirkhäuser$v15 500 1$3VAN0235350$aAdvances in Dynamic and Mean Field Games$91563083 606 $a91Axx$xGame theory [MSC 2020]$3VANC020464$2MF 606 $a49N90$xApplications of optimal control and differential games [MSC 2020]$3VANC033550$2MF 610 $aCooperative Differential Games$9KW:K 610 $aDynamic Games$9KW:K 610 $aDynamic Games in Environmental Economics$9KW:K 610 $aEvolutionary Game Theory$9KW:K 610 $aMean field games$9KW:K 620 $aCH$dCham$3VANL001889 702 1$aApaloo$bJoseph$3VANV095754 702 1$aViscolani$bBruno$3VANV095755 712 $aBirkhäuser $3VANV108193$4650 801 $aIT$bSOL$c20230707$gRICA 856 4 $uhttp://doi.org/10.1007/978-3-319-70619-1$zE-book ? Accesso al full-text attraverso riconoscimento IP di Ateneo, proxy e/o Shibboleth 899 $aBIBLIOTECA DEL DIPARTIMENTO DI MATEMATICA E FISICA$1IT-CE0120$2VAN08 912 $fN 912 $aVAN0124316 950 $aBIBLIOTECA DEL DIPARTIMENTO DI MATEMATICA E FISICA$d08CONS e-book 0527 $e08eMF527 20191015 996 $aAdvances in Dynamic and Mean Field Games$91563083 997 $aUNICAMPANIA